| 000 | 00492nam a22001577a 4500 | ||
|---|---|---|---|
| 005 | 20180803121445.0 | ||
| 020 |
_a817000439X _c650.00 |
||
| 035 | _aB-219991, B-219989 | ||
| 037 |
_aDPL _bENG |
||
| 100 | _aBavakutty, M. | ||
| 245 |
_aMethods for measuring quality of Libraries / _cby M Bavakutty and K C Abdul Majeed |
||
| 260 |
_aNew Delhi _bEss Ess Publications _c2005 |
||
| 300 |
_a298p. _c20 cms. |
||
| 700 |
_aMajeed, K C Abdul _942747 |
||
| 942 |
_2ddc _cEN _h025.04 _mBAV |
||
| 999 |
_c63297 _d63297 |
||